000 00607nam a22002417a 4500
003 LK-CoDNM
005 20241121100802.0
008 241015b |||||||| |||| 00| 0 eng d
040 _aLK-CoDNM
_dLK-CoDNM
_eLK-CoDNM
041 _aeng
080 _aPM
_bE2.14
100 _a
245 _aThe Maha Bodhi-1944 ( Vol.52 )
_bNo.3-4
260 _aCulcutta
_bGouranga press
_c1944
300 _b46p. : ill ; 25 cm
500 _aMonthly magazine
650 _aThe Maha Bodhi-1944 ( Vol.52 )
650 _aNo.3-4
650 _aPM E2.14
650 _a1944
650 _aMonthly magazine
942 _cBK
999 _c231522
_d231522